000 00685nam a22002177a 4500
003 DO-SdBNP
005 20251106074612.0
007 ta
008 221020b2007 dr ac||| |||| 00| 0 spa d
040 _aDO-SdBNP
_bspa
_cBNPHU
082 4 _222
100 _958525
_aMorel, Yoryi, 1906-1979
245 1 0 _aYoryi Morel
_bautonomía y trascendencia ; presentación José Rafael Lantigua
260 _aSanto Domingo :
_bMuseo de Arte Mderno,
_c2007.
300 _a163 p. :
_bil., retratos ;
_c26 cm.
504 _aBibliografía : p. 162-163
590 _aInventariado, 2022/BT
700 1 _aLantigua, José Rafael,
_d1949-
_epresentación
_91438
910 _aBtavárez
942 _2ddc
_cLBS1
999 _c52592
_d52592